000 00879nam a22002297a 4500
005 20160913114657.0
008 960617s1995 fr b i000 0 eng d
040 _aDNAL
_cDNAL
_dDLC
_dCO-BoIAVH
041 0 _aeng
_bfre
044 _ack
082 0 4 _a660.6
_bW88b
100 1 _aWoodend, John J.
245 1 0 _aBiotechnology and sustainable crop production in Zimbabwe /
_cJohn J. Woodend
260 _aParis :
_bOrganisation for Economic Co-operation and Development,
_c1995.
300 _a79 páginas ;
_c30 x 21 centímetros
490 0 _aOECD Technical papers ;
_v109
504 _aIncluye referencias bibliográficas (páginas 69-74).
650 1 6 _aAgricultura sostenible
_zZimbabwe.
650 2 6 _aBiotecnología vegetal
_zZimbabwe.
710 2 _aOrganisation for Economic Co-operation and Development.
_bDevelopment Centre.
942 _2ddc
_cLIBRO
999 _c1913
_d1913